000 00637nam a2200217 a 4500
001 49082
003 BD-RjUL
005 20211209054630.0
008 160817s1961 enk 001 0 und d
035 _a(BD-RjUL)49201
040 _aANL
_beng
_cANL
_dBD-RjUL
041 _aeng
082 _223
_a369.463
_bBAG 1961
100 1 0 _aBaden-powell, lord
_9147650
245 1 0 _aGirl guiding :
_ba handbook for guidelets guides, rangers and guiders /
_cLord Baden-powell
260 _aLondon :
_bC. Arthur Pearson,
_c1961
300 _a191 p. :
_bill. ;
_c19 cm.
500 _aInclude index
650 _a Girl Guides.
_9147651
942 _2ddc
_cBK
999 _c49082
_d49082